[Event "FSV-ch 2014"]
[Site "Offene VM 2014"]
[Date "2014.03.06"]
[Round "1.1"]
[White "Nachbar, Benjamin"]
[Black "Mokros, Jürgen"]
[Result "1-0"]
[WhiteElo "2133"]
[BlackElo "1532"]
[PlyCount "91"]
[EventDate "2014.??.??"]
[Source "Pit Schulenburg"]
[SourceDate "2014.03.06"]

1. c4 Nf6 2. Nc3 d5 3. cxd5 Nxd5 4. Nf3 g6 5. Qa4+ Nc6 6. Ne5 Nb6 7. Nxc6 bxc6
8. Qxc6+ Bd7 9. Qc5 Bg7 10. g3 O-O 11. Bg2 c6 12. b3 Rc8 13. Ba3 Re8 14. Rc1 e6
15. Ne4 Bf8 16. Qa5 Bxa3 17. Qxa3 Qe7 18. Nd6 Rc7 19. Qc5 Ra8 20. O-O a6 21. d4
Nc8 22. Nxc8 Qxc5 23. Rxc5 Raxc8 24. Rfc1 Kf8 25. e4 Rb7 26. d5 Rb5 27. R5c3
exd5 28. exd5 c5 29. Bf1 Ra5 30. a4 Rb8 31. Bc4 Rb6 32. Kg2 Rd6 33. Re1 Bc8 34.
Rce3 Bd7 35. Re5 Kg7 36. h3 Kf8 37. g4 Kg7 38. f4 Kf6 39. Kg3 h6 40. Re7 Kg7
41. R1e6 Rxe6 42. dxe6 Bxe6 43. Bxe6 Kf6 44. Bxf7 Kxe7 45. Bc4 Kf6 46. Kf3 1-0

[Event "FSV-ch 2014"]
[Site "Offene VM 2014"]
[Date "2014.03.06"]
[Round "1.2"]
[White "Nettbohl, Werner"]
[Black "Zelt, Jens"]
[Result "0-1"]
[WhiteElo "1497"]
[BlackElo "2001"]
[PlyCount "36"]
[EventDate "2014.??.??"]
[Source "Pit Schulenburg"]
[SourceDate "2014.03.06"]

1. e4 d6 2. d4 c6 3. Nf3 Nd7 4. Bd3 e5 5. dxe5 dxe5 6. Be3 h6 7. c3 Ne7 8. Bc2
Ng6 9. Nbd2 Be7 10. h3 O-O 11. O-O Qc7 12. a3 b6 13. Rc1 Ba6 14. Re1 Rad8 15.
Bb3 Nc5 16. Bxc5 Bxc5 17. c4 Nf4 18. Bc2 Bxc4 0-1

[Event "FSV-ch 2014"]
[Site "Offene VM 2014"]
[Date "2014.03.06"]
[Round "1.3"]
[White "Brendemühl, Bernd"]
[Black "Yangibayev, Rustam"]
[Result "1-0"]
[WhiteElo "1962"]
[BlackElo "1495"]
[PlyCount "43"]
[EventDate "2014.??.??"]
[Source "Pit Schulenburg"]
[SourceDate "2014.03.06"]

1. e4 c6 2. d4 d5 3. Nc3 dxe4 4. Nxe4 Bf5 5. Ng3 Bg6 6. Nf3 Nd7 7. Bd3 Ngf6 8.
O-O e6 9. Re1 Be7 10. c4 Qc7 11. a3 Bxd3 12. Qxd3 O-O 13. Bd2 Rfd8 14. b4 a6
15. Bc3 b5 16. Rac1 Nb6 17. Ne5 Nbd7 18. Qf3 bxc4 19. Nxc6 Re8 20. Nxe7+ Kh8
21. d5 Nb6 22. Bxf6 1-0

[Event "FSV-ch 2014"]
[Site "Offene VM 2014"]
[Date "2014.03.06"]
[Round "1.4"]
[White "Zabel, Reinhard"]
[Black "Kemna, Martin"]
[Result "0-1"]
[WhiteElo "1487"]
[BlackElo "1941"]
[PlyCount "28"]
[EventDate "2014.??.??"]
[Source "Pit Schulenburg"]
[SourceDate "2014.03.06"]

1. e4 Nf6 2. Nc3 d5 3. exd5 Nxd5 4. Nf3 Bf5 5. d3 e6 6. a3 Be7 7. Nxd5 Qxd5 8.
Be2 c5 9. Be3 Nc6 10. d4 cxd4 11. Bxd4 Qe4 12. Rc1 Rd8 13. c3 e5 14. Qd3 exd4
0-1

[Event "FSV-ch 2014"]
[Site "Offene VM 2014"]
[Date "2014.03.06"]
[Round "1.5"]
[White "Begna, Bozidar"]
[Black "Zhang, Jingfu"]
[Result "1-0"]
[WhiteElo "1932"]
[BlackElo "1453"]
[PlyCount "137"]
[EventDate "2014.??.??"]
[Source "Pit Schulenburg"]
[SourceDate "2014.03.06"]

1. e4 e5 2. Nf3 Nc6 3. Bb5 a6 4. Ba4 Nf6 5. Qe2 b5 6. Bb3 Be7 7. c3 O-O 8. d4
d6 9. O-O Bg4 10. Rd1 Qc8 11. a4 b4 12. a5 Rb8 13. Bc4 Ra8 14. d5 Nd8 15. cxb4
c6 16. Nc3 cxd5 17. Nxd5 Nxd5 18. Bxd5 Rb8 19. Bd2 Ne6 20. Bc3 Nf4 21. Qe3 Nxd5
22. Rxd5 Be6 23. Rd2 f5 24. exf5 Bxf5 25. Ng5 h6 26. Ne4 Qc6 27. f3 Rbe8 28.
Rad1 Rd8 29. Rd5 Be6 30. Qd3 Bxd5 31. Qxd5+ Qxd5 32. Rxd5 Rb8 33. Nxd6 Bxd6 34.
Rxd6 Rf6 35. Rd7 Rf7 36. Rd5 Rb5 37. Rd1 Ra7 38. Kf2 Kf7 39. Rd6 Ke7 40. Rg6
Kf7 41. Rc6 Ke7 42. Ke3 Rd5 43. Ke4 Rd6 44. Rc5 Kf7 45. b5 axb5 46. Rxb5 Rad7
47. g4 Ke6 48. Rxe5+ Kf7 49. Rf5+ Kg6 50. h4 Re6+ 51. Kf4 Rd3 52. h5+ Kh7 53.
Rf7 Kg8 54. Rxg7+ Kf8 55. Rg6 Ree3 56. Rxh6 Rxf3+ 57. Kg5 Rd5+ 58. Kh4 Kf7 59.
a6 Rdd3 60. a7 Rh3+ 61. Kg5 Rd5+ 62. Kf4 Rd8 63. Rb6 Ra8 64. Rb7+ Ke6 65. Bd4
Rf8+ 66. Kg5 Rg3 67. Rb8 Rf5+ 68. Kh4 Rf4 69. Kxg3 1-0

[Event "FSV-ch 2014"]
[Site "Offene VM 2014"]
[Date "2014.03.13"]
[Round "1.6"]
[White "Schirmer, Michael"]
[Black "Lauche, Christoph"]
[Result "0-1"]
[WhiteElo "1452"]
[BlackElo "1907"]
[PlyCount "52"]
[EventDate "2014.??.??"]
[Source "Pit Schulenburg"]
[SourceDate "2014.03.06"]

1. e4 d6 2. d4 Nf6 3. Nc3 Nbd7 4. Bd3 e5 5. d5 a6 6. a4 Be7 7. Nge2 O-O 8. O-O
Nc5 9. h3 Kh8 10. Ng3 Nxd3 11. Qxd3 Ng8 12. f4 exf4 13. Bxf4 Bg5 14. Nh5 Bxf4
15. Rxf4 f6 16. Ne2 Ne7 17. Nd4 Ng6 18. Qg3 Qe7 19. Nf5 Bxf5 20. Rxf5 Qxe4 21.
Raf1 Qxc2 22. Nxg7 Kxg7 23. h4 Kh8 24. h5 Ne5 25. Rxf6 Rxf6 26. Rxf6 Rg8 0-1

[Event "FSV-ch 2014"]
[Site "Offene VM 2014"]
[Date "2014.03.10"]
[Round "1.7"]
[White "Vogt, Christian"]
[Black "Sack, Thomas"]
[Result "1/2-1/2"]
[WhiteElo "1538"]
[BlackElo "1852"]
[PlyCount "57"]
[EventDate "2014.??.??"]
[Source "Pit Schulenburg"]
[SourceDate "2014.03.06"]

1. b3 d5 2. Bb2 c5 3. e3 Nc6 4. Bb5 Bf5 5. Nf3 f6 6. O-O e5 7. d3 a6 8. Bxc6+
bxc6 9. Nbd2 Nh6 10. Qe2 Qc7 11. c4 Be6 12. Rfd1 Be7 13. Rac1 g5 14. d4 e4 15.
Ne1 Ng4 16. g3 cxd4 17. Bxd4 Qa5 18. Bc3 Qb6 19. cxd5 cxd5 20. Bd4 Qa5 21. f3
Nh6 22. fxe4 Bg4 23. Nef3 Bb4 24. Kg2 Bxd2 25. Qxd2 Qxd2+ 26. Rxd2 dxe4 27.
Nxg5 fxg5 28. Bxh8 Bf3+ 29. Kg1 {(=)} ({
Schwarz nahm das Remisangebot dankend an.} 29. Kg1 Ng4 30. Bd4 {
und Weiss gewaenne leicht.}) 1/2-1/2

[Event "FSV-ch 2014"]
[Site "Offene VM 2014"]
[Date "2014.03.06"]
[Round "1.8"]
[White "Link, Werner"]
[Black "Jost, Udo"]
[Result "0-1"]
[WhiteElo "1444"]
[BlackElo "1851"]
[PlyCount "70"]
[EventDate "2014.??.??"]
[Source "Pit Schulenburg"]
[SourceDate "2014.03.06"]

1. d4 Nf6 2. c4 e5 3. dxe5 Ne4 4. Qc2 Nc5 5. Nf3 Nc6 6. a3 a5 7. g3 Be7 8. Bg2
a4 9. Nc3 Ra6 10. Rb1 h5 11. b4 axb3 12. Rxb3 Nxb3 13. Qxb3 Na5 14. Qa2 h4 15.
Nd5 h3 16. Bf1 Rc6 17. e4 b5 18. Nd4 bxc4 19. Nxc6 dxc6 20. Nxe7 Qxe7 21. Bxc4
Qxe5 22. Bxf7+ Ke7 23. Bg6 Be6 24. Bb2 Qg5 25. f4 Qg4 26. Qa1 Bc4 27. Qd1 Qxg6
28. Qd4 Rb8 29. Qe5+ Kf8 30. Kf2 Qg4 31. Re1 Rb3 32. Bc3 Nb7 33. Qd4 Bf7 34.
Re3 c5 35. Qxg7+ Qxg7 0-1

[Event "FSV-ch 2014"]
[Site "Offene VM 2014"]
[Date "2014.03.06"]
[Round "1.9"]
[White "Zachos, Ingo"]
[Black "Gerke, Dieter"]
[Result "1-0"]
[WhiteElo "1836"]
[BlackElo "1423"]
[PlyCount "47"]
[EventDate "2014.??.??"]
[Source "Pit Schulenburg"]
[SourceDate "2014.03.06"]

1. Nf3 d5 2. c4 e6 3. b3 Nf6 4. Bb2 Be7 5. g3 c6 6. Bg2 O-O 7. O-O Nbd7 8. d3
b6 9. Nc3 Bb7 10. e3 dxc4 11. bxc4 Nc5 12. d4 Nce4 13. Nxe4 Nxe4 14. Ne5 f5 15.
Bxe4 fxe4 16. Qg4 Rf5 17. Nxc6 Bxc6 18. d5 g6 19. dxc6 Qd3 20. Rac1 Kf7 21.
Rfd1 h5 22. Rxd3 hxg4 23. Rd7 Rd8 24. c7 1-0

[Event "FSV-ch 2014"]
[Site "Offene VM 2014"]
[Date "2014.03.06"]
[Round "1.10"]
[White "Haufe, Sven"]
[Black "Schütz, Ralf"]
[Result "0-1"]
[WhiteElo "1415"]
[BlackElo "1831"]
[PlyCount "116"]
[EventDate "2014.??.??"]
[Source "Pit Schulenburg"]
[SourceDate "2014.03.06"]

1. d4 Nf6 2. Bg5 c5 3. Bxf6 exf6 4. d5 Bd6 5. e3 a6 6. a4 f5 7. Nh3 Qf6 8. Qc1
O-O 9. Be2 Re8 10. O-O f4 11. e4 Be5 12. c3 d6 13. f3 Bxh3 14. gxh3 Nd7 15. Rf2
Qg5+ 16. Kh1 Qh4 17. Qf1 Kh8 18. Nd2 Nf6 19. Qg2 h5 20. Rg1 Nh7 21. Nc4 g6 22.
a5 Rac8 23. Rff1 Qe7 24. Nb6 {(=)} 24... Rc7 25. Bd3 Bf6 26. Re1 Bh4 27. Re2
Nf8 28. Nc4 Qf6 29. Qf1 Nd7 30. Qd1 Bg5 31. Reg2 Bh6 32. Qe1 Ne5 33. Nxe5 Rxe5
34. c4 Rc8 35. b3 Qd8 36. Ra2 Kg7 37. Qf2 Qd7 38. Qf1 Bg5 39. Qg2 Bd8 40. Rga1
Rg5 41. Qf1 Bf6 42. Rb1 Bd4 43. Rg2 Re5 44. Ra2 Qd8 45. Qe1 Rc7 46. Rg2 Kh6 47.
b4 cxb4 48. Qxb4 Bc5 49. Qe1 Rg5 50. Rxg5 Qxg5 51. Qe2 Qe5 52. Qb2 Bd4 53. Qg2
Bc3 54. Qa2 Qd4 55. Be2 Qc5 56. Rb6 Bxa5 57. Rxd6 Qxd6 58. Qxa5 f6 0-1

[Event "FSV-ch 2014"]
[Site "Offene VM 2014"]
[Date "2014.03.06"]
[Round "1.11"]
[White "Grube, Jörg"]
[Black "Tautz, Eugen"]
[Result "1-0"]
[WhiteElo "1823"]
[BlackElo "1375"]
[PlyCount "85"]
[EventDate "2014.??.??"]
[Source "Pit Schulenburg"]
[SourceDate "2014.03.06"]

1. d4 d5 2. c4 dxc4 3. e3 Nf6 4. Bxc4 e6 5. Nf3 Nc6 6. O-O a6 7. a3 g6 8. b4
Bg7 9. Bb2 O-O 10. Nbd2 b5 11. Ba2 Bb7 12. Qe2 Qe7 13. Rac1 Rfd8 14. Rc2 Rac8
15. Rfc1 Ba8 16. Rxc6 Bxc6 17. Rxc6 Rd6 18. Rc1 Qe8 19. Ne5 Nd5 20. Nd3 Rc6 21.
Nc5 Ra8 22. Ndb3 Nb6 23. Na5 Rd6 24. Ne4 Rd7 25. Qf3 Nd5 26. Nc6 Kh8 27. h4 h5
28. Rc5 Rc8 29. Ng5 Kg8 30. Bxd5 exd5 31. Rxd5 Rd6 32. Rc5 Rf6 33. Qe4 Qxe4 34.
Nxe4 Re6 35. f3 f5 36. d5 Rxc6 37. Rxc6 Bxb2 38. Nc5 Bxa3 39. Nxa6 Kf7 40. d6
Ke8 41. dxc7 Bb2 42. Rxg6 Be5 43. Re6+ 1-0

[Event "FSV-ch 2014"]
[Site "Offene VM 2014"]
[Date "2014.03.06"]
[Round "1.12"]
[White "Herrmann, Rudolf"]
[Black "Bommert, Christian"]
[Result "1/2-1/2"]
[WhiteElo "1356"]
[BlackElo "1770"]
[PlyCount "78"]
[EventDate "2014.??.??"]
[Source "Pit Schulenburg"]
[SourceDate "2014.03.06"]

1. d4 f5 2. e3 Nf6 3. Nc3 g6 4. b3 Bg7 5. Bb2 O-O 6. Nf3 d6 7. Bc4+ e6 8. O-O
Qe8 9. Rb1 c6 10. Re1 b5 11. Bd3 e5 12. dxe5 dxe5 13. Be2 Qe7 14. a4 a6 15. Qc1
Nbd7 16. axb5 cxb5 17. Ra1 Bb7 18. h3 Rac8 19. Nb1 Nb6 20. Nxe5 Ne4 21. Nf3
Rfd8 22. Bxg7 Qxg7 23. Nd4 Rxd4 24. exd4 Qxd4 25. Qe3 Qf6 26. c3 Nd5 27. Qd4
Ndxc3 28. Qxf6 Nxe2+ 29. Rxe2 Rc1+ 30. Kh2 Nxf6 31. Rea2 Nd5 32. Nd2 Rc3 33.
Rb2 Nf4 34. Nf3 Bxf3 35. gxf3 Rxf3 36. Rxa6 Rxh3+ 37. Kg1 Kg7 38. Rb6 b4 39.
Rxb4 Rh4 {(=)} 1/2-1/2

[Event "FSV-ch 2014"]
[Site "Offene VM 2014"]
[Date "2014.03.06"]
[Round "1.13"]
[White "Guddat, Jörn"]
[Black "Winkler, Harald"]
[Result "1-0"]
[WhiteElo "1747"]
[BlackElo "1352"]
[PlyCount "47"]
[EventDate "2014.??.??"]
[Source "Pit Schulenburg"]
[SourceDate "2014.03.06"]

1. d4 Nf6 2. c4 d5 3. cxd5 Nxd5 4. Nf3 g6 5. e4 Nf6 6. Nc3 Bg7 7. Bc4 O-O 8. e5
Nfd7 9. e6 Nb6 10. exf7+ Kh8 11. Bb3 e6 12. O-O c6 13. Re1 Nd5 14. Ng5 Qf6 15.
Re5 Nxc3 16. bxc3 h6 17. Nxe6 Bxe6 18. Bxe6 Qd8 19. Re3 Kh7 20. Ba3 Rh8 21. Qc2
Nd7 22. Rg3 Nf8 23. Bxf8 Rxf8 24. Qxg6+ 1-0

[Event "FSV-ch 2014"]
[Site "Offene VM 2014"]
[Date "2014.03.06"]
[Round "1.14"]
[White "Jentzsch, Werner W"]
[Black "Jähnicke, Karl-Heinz"]
[Result "1/2-1/2"]
[WhiteElo "1322"]
[BlackElo "1743"]
[PlyCount "119"]
[EventDate "2014.??.??"]
[Source "Pit Schulenburg"]
[SourceDate "2014.03.06"]

1. d4 d5 2. Nf3 Nc6 3. Nc3 Nf6 4. Bf4 e6 5. e3 Bd6 6. Bb5 Bxf4 7. exf4 Bd7 8.
O-O O-O 9. Qd3 Nb4 10. Qe2 c6 11. Bd3 a5 12. a3 Na6 13. Ng5 Qc7 14. Qf3 h6 15.
Nh3 c5 16. dxc5 Nxc5 17. Kh1 Bc6 18. Nb5 Qd7 19. Nd4 Nce4 20. Rad1 Ba4 21. g4
e5 22. g5 exd4 23. gxf6 Nxf6 24. Rg1 Kh8 25. Rg2 Rg8 26. Rdg1 Rac8 27. Rg3 Bxc2
28. Bxc2 Rxc2 29. Qg2 Nh5 30. Rg4 d3 31. Rh4 Qf5 32. Qf3 d2 33. Rxh5 Qe4 34.
Ng5 Qxf3+ 35. Nxf3 Rxb2 36. Rxd5 Rb3 37. Nxd2 Rxa3 38. Nc4 Rf3 39. Nxa5 Rxf4
40. Nxb7 Rxf2 41. Rd7 Ra8 42. Rd8+ Rxd8 43. Nxd8 Kh7 44. Rg2 Rf5 45. Kg1 g6 46.
Rf2 Rg5+ 47. Kh1 f5 48. Ne6 Rg4 49. Nf4 g5 50. Nh5 Kg6 51. Ng3 f4 52. Nf1 Rh4
53. Rf3 Kf5 54. Kg2 g4 55. Ra3 f3+ 56. Kg3 Rh3+ 57. Kf2 h5 58. Ng3+ Ke6 59.
Ra6+ Kd7 60. Nf1 1/2-1/2

[Event "FSV-ch 2014"]
[Site "Offene VM 2014"]
[Date "2014.03.06"]
[Round "1.15"]
[White "Reschop, Romano"]
[Black "Kirmes, Hans-Uwe"]
[Result "1/2-1/2"]
[WhiteElo "1704"]
[BlackElo "1291"]
[PlyCount "62"]
[EventDate "2014.??.??"]
[Source "Pit Schulenburg"]
[SourceDate "2014.03.06"]

1. d4 d5 2. c4 c6 3. Nf3 e6 4. Nc3 Nf6 5. Bg5 Be7 6. e3 Nbd7 7. Qc2 h6 8. Bh4
g5 9. Bg3 Nh5 10. Be5 Nxe5 11. Nxe5 Nf6 12. Bd3 Rg8 13. O-O-O Nd7 14. cxd5 Nxe5
15. dxe5 exd5 16. Bf5 Bd7 17. e4 Bxf5 18. exf5 Qc7 19. Nxd5 Qxe5 20. Nxe7 Qf4+
21. Kb1 Kxe7 22. Qc5+ Kf6 23. Rd6+ Kg7 24. Qc3+ Kf8 25. Qf6 g4 26. Re1 (26.
Rhd1 $1 $18) 26... Qg5 27. Qxh6+ Qxh6 28. Rxh6 Rd8 29. Kc2 Kg7 30. Rh5 Kf6 31.
Rh6+ Kg7 {(=)} 1/2-1/2

[Event "FSV-ch 2014"]
[Site "Offene VM 2014"]
[Date "2014.03.06"]
[Round "1.16"]
[White "Kawka, Bogdan"]
[Black "Rauschenbusch, Udo"]
[Result "0-1"]
[WhiteElo "1279"]
[BlackElo "1697"]
[PlyCount "78"]
[EventDate "2014.??.??"]
[Source "Pit Schulenburg"]
[SourceDate "2014.03.06"]

1. e4 c5 2. Nf3 d6 3. Nc3 Nf6 4. Bc4 e6 5. d4 cxd4 6. Qxd4 Nc6 7. Bb5 Bd7 8.
Bxc6 Bxc6 9. Bg5 Be7 10. Rd1 Qc7 11. e5 dxe5 12. Qxe5 Qb6 13. O-O O-O 14. Ne2
Bb5 15. b3 Ng4 16. Qg3 Bxg5 17. c4 Bxc4 18. bxc4 Nxf2 19. Rxf2 Be3 20. Nfd4
Bxf2+ 21. Qxf2 Rad8 22. Rf1 Qb2 23. Qf3 Rxd4 24. Nxd4 Qxd4+ 25. Kh1 Qxc4 26. a3
b5 27. h3 e5 28. Re1 f6 29. Re4 Qd5 30. Qe2 Rd8 31. Kh2 a6 32. Rh4 Qd3 33. Qg4
Qg6 34. Qe6+ Kh8 35. Qxa6 Qd3 36. Rb4 f5 37. Rxb5 f4 38. Rb8 Qg3+ 39. Kh1 Rxb8
0-1

[Event "FSV-ch 2014"]
[Site "Offene VM 2014"]
[Date "2014.03.06"]
[Round "1.17"]
[White "Boeck, Matthias"]
[Black "Hast, Stefan"]
[Result "1-0"]
[WhiteElo "1670"]
[BlackElo "1240"]
[PlyCount "57"]
[EventDate "2014.??.??"]
[Source "Pit Schulenburg"]
[SourceDate "2014.03.06"]

1. f4 d5 2. Nf3 Bg4 3. e3 e6 4. h3 Bxf3 5. Qxf3 Nd7 6. d3 Be7 7. Be2 Bf6 8. O-O
Ne7 9. g4 g6 10. e4 c6 11. Nc3 Nc5 12. e5 Bg7 13. d4 Nd7 14. Be3 f6 15. Bd3 Qc7
16. Ne2 O-O-O 17. b4 fxe5 18. dxe5 Rdf8 19. Qg2 g5 20. Nd4 Qb6 21. Nf5 Qxb4 22.
Nxg7 gxf4 23. Nxe6 Rf7 24. Bxf4 h5 25. g5 Nf5 26. g6 Nh4 27. Qg5 Nxe5 28. Qxe5
Rg8 29. Qb8+ 1-0

[Event "FSV-ch 2014"]
[Site "Offene VM 2014"]
[Date "2014.03.06"]
[Round "1.18"]
[White "Heinz, Hans-Werner"]
[Black "Khess, Roman"]
[Result "0-1"]
[WhiteElo "1211"]
[BlackElo "1639"]
[PlyCount "64"]
[EventDate "2014.??.??"]
[Source "Pit Schulenburg"]
[SourceDate "2014.03.06"]

1. d4 Nf6 2. c3 g6 3. e3 Bg7 4. Nf3 O-O 5. h3 d6 6. Be2 Nbd7 7. O-O b6 8. Nbd2
Bb7 9. Re1 Re8 10. Bd3 e5 11. e4 exd4 12. cxd4 c5 13. d5 a6 14. Rb1 b5 15. b3
Qc7 16. Re2 Nh5 17. g3 Bc8 18. h4 Ne5 19. Nxe5 Bxe5 20. Nf1 Bg4 21. Qe1 Bxe2
22. Qxe2 Qd7 23. Kh2 f5 24. f4 fxe4 25. Bxe4 Bd4 26. Qf3 Re7 27. Bb2 Rae8 28.
Nd2 Nf6 29. Bxd4 Nxe4 30. Nxe4 Rxe4 31. Be5 Qf5 32. Rg1 dxe5 0-1

[Event "FSV-ch 2014"]
[Site "Offene VM 2014"]
[Date "2014.03.06"]
[Round "1.19"]
[White "Dieckmann, Rudolf"]
[Black "Jürgens, Ulrich"]
[Result "1-0"]
[WhiteElo "1616"]
[BlackElo "1096"]
[PlyCount "83"]
[EventDate "2014.??.??"]
[Source "Pit Schulenburg"]
[SourceDate "2014.03.06"]

1. d4 d5 2. c4 c6 3. cxd5 cxd5 4. Nc3 a6 5. e4 Be6 6. e5 g6 7. Nf3 Bg4 8. Qa4+
Nc6 9. Be2 e6 10. Be3 Bb4 11. a3 b5 12. Qd1 Bxc3+ 13. bxc3 Nge7 14. h3 Bxf3 15.
Bxf3 Nf5 16. Bd2 O-O 17. g3 h5 18. h4 f6 19. exf6 Qxf6 20. Bg5 Qg7 21. O-O Qf7
22. Kg2 Rae8 23. Ra2 e5 24. dxe5 Rxe5 25. Bf4 Nxh4+ 26. Kg1 Nxf3+ 27. Qxf3 g5
28. a4 gxf4 29. axb5 Qg6 30. bxc6 Rg5 31. Qg2 f3 32. Qh3 Rg4 33. Rxa6 Qf5 34.
c7 Kh7 35. Re1 Rfg8 36. Re7+ R8g7 37. Rae6 h4 38. Rxg7+ Kxg7 39. c8=Q Rxg3+ 40.
Qxg3+ hxg3 41. Qd7+ Qf7 42. Re7 1-0

[Event "FSV-ch 2014"]
[Site "Offene VM 2014"]
[Date "2014.03.06"]
[Round "1.20"]
[White "Rabe, Mark"]
[Black "Orlowski, Wilfried"]
[Result "0-1"]
[WhiteElo "1047"]
[BlackElo "1566"]
[PlyCount "86"]
[EventDate "2014.??.??"]
[Source "Pit Schulenburg"]
[SourceDate "2014.03.06"]

1. c4 Nf6 2. Nc3 e6 3. e4 d6 4. Nf3 c5 5. Be2 a6 6. d3 Nc6 7. O-O Be7 8. Bg5
O-O 9. Qd2 h6 10. Be3 Rb8 11. b3 b5 12. Rab1 b4 13. Nd1 Ng4 14. Bf4 Bf6 15. h3
Nge5 16. Nh2 Nd4 17. Bh5 Bg5 18. Be3 Bxe3 19. Nxe3 Qg5 20. Bd1 Ng6 21. Nf3
Nxf3+ 22. Bxf3 Nf4 23. Kh2 Bb7 24. Rg1 Ng6 25. g3 f5 26. Bh1 f4 27. gxf4 Qxf4+
28. Kg2 Qf3+ 29. Kf1 Qxh3+ 30. Bg2 Qh4 31. f3 Qf4 32. Qe2 Nh4 33. Kf2 Rf6 34.
Ng4 Qxg4 35. Rbf1 Rbf8 36. Ke1 Nxg2+ 37. Rxg2 Qh4+ 38. Kd1 e5 39. Rg4 Qxg4 40.
fxg4 Rxf1+ 41. Qxf1 Rxf1+ 42. Ke2 Ra1 43. a4 bxa3 0-1

[Event "FSV-ch 2014"]
[Site "Offene VM 2014"]
[Date "2014.03.06"]
[Round "1.21"]
[White "Reinacher, Detlev"]
[Black "Schmidt, Andreas N"]
[Result "1-0"]
[WhiteElo "1565"]
[BlackElo "1021"]
[PlyCount "91"]
[EventDate "2014.??.??"]
[Source "Pit Schulenburg"]
[SourceDate "2014.03.06"]

1. e4 e5 2. d3 Nf6 3. Nf3 Nc6 4. g3 Bc5 5. Bg2 O-O 6. O-O Re8 7. c3 d5 8. b4
Bd6 9. Nbd2 d4 10. cxd4 Bxb4 11. d5 Nd4 12. Bb2 Bg4 13. h3 Nxf3+ 14. Nxf3 Bh5
15. g4 Nxg4 16. hxg4 Bxg4 17. Qb3 Bd6 18. Rfe1 Qf6 19. Nh2 Bh5 20. Rac1 Qf4 21.
Re3 Be7 22. Rh3 Be2 23. Re1 Bg4 24. Nxg4 Qxg4 25. Bxe5 Bh4 26. Qb2 a5 27. Bg3
Bf6 28. e5 Be7 29. d4 Bd6 30. f3 Qf5 31. Re4 Bb4 32. a3 Be7 33. d6 cxd6 34.
exd6 Qg5 35. Bh4 Qd5 36. dxe7 Ra6 37. Re5 Qd7 38. f4 Rg6 39. Kh2 Qg4 40. Qd2
Rh6 41. Qf2 f6 42. Bd5+ Kh8 43. Ree3 g5 44. fxg5 fxg5 45. Qf8+ Rxf8 46. exf8=Q#
1-0

[Event "FSV-ch 2014"]
[Site "Offene VM 2014"]
[Date "2014.03.06"]
[Round "1.22"]
[White "Wilkins, Petra"]
[Black "Benke, Werner"]
[Result "0-1"]
[WhiteElo "957"]
[BlackElo "1534"]
[PlyCount "98"]
[EventDate "2014.??.??"]
[Source "Pit Schulenburg"]
[SourceDate "2014.03.06"]

1. d4 e6 2. Nf3 d5 3. g3 Nf6 4. Bg2 Be7 5. O-O Nbd7 6. Nbd2 O-O 7. c3 b6 8. Re1
Bb7 9. Qc2 c5 10. Ne5 Rc8 11. Qb1 Qc7 12. Nxd7 Qxd7 13. e4 dxe4 14. Nxe4 cxd4
15. Rd1 Bxe4 16. Bxe4 Rfd8 17. Rxd4 Qc7 18. Rxd8+ Rxd8 19. Be3 Qe5 20. Bc2 Qh5
21. Qf1 Ng4 22. h4 Nxe3 23. fxe3 Bc5 24. Re1 Rd2 25. b4 Bxe3+ 26. Rxe3 Rxc2 27.
Re1 g6 28. Qd3 Qf5 29. Qd8+ Kg7 30. Qd4+ Qf6 31. Qxf6+ Kxf6 32. Rf1+ Ke7 33.
Rf4 Rxc3 34. g4 h6 35. b5 Ra3 36. Kf1 Rxa2 37. Ke1 Rb2 38. g5 hxg5 39. hxg5
Rxb5 40. Rd4 a5 41. Rc4 Kd7 42. Rd4+ Rd5 43. Rd2 Rxd2 44. Kxd2 Kd6 45. Kd3 Kd5
46. Ke3 e5 47. Kf3 a4 48. Ke3 b5 49. Kd3 b4 0-1

[Event "FSV-ch 2014"]
[Site "Offene VM 2014"]
[Date "2014.03.20"]
[Round "2.1"]
[White "Rauschenbusch, Udo"]
[Black "Nachbar, Benjamin"]
[Result "0-1"]
[WhiteElo "1697"]
[BlackElo "2133"]
[PlyCount "88"]
[EventDate "2014.??.??"]
[Source "Pit Schulenburg"]
[SourceDate "2014.03.06"]

1. g3 d5 2. Nf3 c5 3. c4 d4 4. Bg2 Nc6 5. O-O Nf6 6. d3 e5 7. e3 Bd6 8. exd4
cxd4 9. a3 O-O 10. b4 h6 11. Nbd2 Bf5 12. Nb3 Rc8 13. Bb2 a6 14. Rc1 Re8 15.
Re1 Qd7 16. Rc2 Re7 17. Nc1 b5 18. c5 Bc7 19. Nh4 Bg4 20. Qd2 Nd5 21. Ne2 a5
22. Ra1 axb4 23. axb4 Ndxb4 24. Rcc1 Nd5 25. Ra6 b4 26. Rca1 Bd8 27. Ra8 Nc3
28. Nf3 Rxa8 29. Rxa8 Qb7 30. Ra1 Qb5 31. h3 Bf5 32. Ne1 e4 33. Nf4 Bc7 34.
Ra8+ Kh7 35. Nh5 exd3 36. Nxd3 Re2 37. Nf6+ gxf6 38. Rh8+ Kxh8 39. Qxh6+ Kg8
40. Qxf6 Be4 41. Bc1 Qxd3 42. Qg5+ Kf8 43. Bxe4 Re1+ 44. Kh2 Qxe4 0-1

[Event "FSV-ch 2014"]
[Site "Offene VM 2014"]
[Date "2014.03.20"]
[Round "2.2"]
[White "Zelt, Jens"]
[Black "Grube, Jörg"]
[Result "1-0"]
[WhiteElo "2001"]
[BlackElo "1823"]
[PlyCount "51"]
[EventDate "2014.??.??"]
[Source "Pit Schulenburg"]
[SourceDate "2014.03.06"]

1. d4 e5 2. dxe5 Nc6 3. Nf3 Qe7 4. Qd5 f6 5. exf6 Nxf6 6. Qd1 d5 7. e3 Bg4 8.
Be2 O-O-O 9. O-O d4 10. exd4 Bxf3 11. Bxf3 Nxd4 12. c3 Nf5 13. Qa4 Kb8 14. Bxb7
Kxb7 15. Qb5+ Ka8 16. Qxf5 Qe2 17. Nd2 Bc5 18. Qf3+ Qxf3 19. Nxf3 Rhe8 20. Bf4
Re2 21. Rab1 Bb6 22. Bg5 Rd6 23. Bxf6 Rxf6 24. a4 Rc6 25. a5 Bc5 26. b4 1-0

[Event "FSV-ch 2014"]
[Site "Offene VM 2014"]
[Date "2014.03.20"]
[Round "2.3"]
[White "Khess, Roman"]
[Black "Brendemühl, Bernd"]
[Result "0-1"]
[WhiteElo "1639"]
[BlackElo "1962"]
[PlyCount "68"]
[EventDate "2014.??.??"]
[Source "Pit Schulenburg"]
[SourceDate "2014.03.06"]

1. c4 e5 2. Nc3 Nf6 3. g3 c6 4. Bg2 d5 5. cxd5 cxd5 6. d3 Nc6 7. Nf3 Be7 8. O-O
O-O 9. a3 a5 10. Bg5 Be6 11. Rc1 h6 12. Bd2 Nd7 13. e4 Nb6 14. Na4 Nxa4 15.
Qxa4 Qb6 16. Ne1 d4 17. Qd1 Qxb2 18. Rb1 Qxa3 19. Rxb7 Rab8 20. Qb1 Bb4 21. Bc1
Qa4 22. Rxb8 Rxb8 23. Qc2 Bb3 24. Qb2 Bc3 25. Qa3 Nb4 26. Qxa4 Bxa4 27. Ba3
Bxe1 28. Rxe1 Nc2 29. Bd6 Rd8 30. Bc7 Rc8 31. Bxa5 Nxe1 32. Bxe1 Rc1 33. Kf1
Bc2 34. Ke2 Bxd3+ 0-1

[Event "FSV-ch 2014"]
[Site "Offene VM 2014"]
[Date "2014.03.20"]
[Round "2.4"]
[White "Kemna, Martin"]
[Black "Guddat, Jörn"]
[Result "1/2-1/2"]
[WhiteElo "1941"]
[BlackElo "1747"]
[PlyCount "113"]
[EventDate "2014.??.??"]
[Source "Pit Schulenburg"]
[SourceDate "2014.03.06"]

1. e4 e6 2. c4 d5 3. Nc3 dxe4 4. Nxe4 Nf6 5. Nxf6+ Qxf6 6. d4 Bb4+ 7. Bd2 Bxd2+
8. Qxd2 O-O 9. Nf3 c5 10. Rd1 Nc6 11. d5 exd5 12. cxd5 Ne5 13. Nxe5 Qxe5+ 14.
Be2 Qd6 15. O-O b6 16. Rfe1 Bd7 17. Bd3 Rfe8 18. Re3 Rxe3 19. fxe3 Re8 20. e4
Bg4 21. Rf1 Bh5 22. b3 Bg6 23. Qf2 Qe5 24. Kh1 Rd8 25. h3 Rd6 26. Qf4 Qxf4 27.
Rxf4 f6 28. Bb5 Kf8 29. a4 Ke7 30. Kg1 Rd8 31. Rg4 Kd6 32. h4 a5 33. h5 Bxh5
34. Rxg7 Bg6 35. Bd3 Ke5 36. Kf2 Kd4 37. Ke2 Bxe4 38. Rg4 f5 39. Rh4 Kxd5 $2 (
39... Rxd5 $1 $19) 40. Bxe4+ fxe4 41. Ke3 Rg8 42. g4 Ke5 43. Rh5+ Ke6 44. Kf4
Rg7 45. Re5+ Kd6 46. Rxe4 Rf7+ 47. Kg5 Kd5 (47... Rf3 $1 48. Kh6 Rxb3 49. Kxh7
$2 Rb4 $19) 48. Re8 Rd7 49. Re1 Rb7 50. Rd1+ Ke4 51. Rc1 Rd7 52. Re1+ Kf3 53.
Re6 Rg7+ 54. Kh6 Rxg4 55. Rxb6 c4 56. Kxh7 cxb3 57. Rxb3+ 1/2-1/2